000 00650nam a2200229Ia 4500
003 OSt
005 20220918214434.0
006 a|||||r|||| 00| 0
007 ta
008 220917b |||||||| |||| 00| 0 eng d
024 _a137,542
037 _cTextual
040 _aARTS
_cARTS
_beng
041 _2eng
_aeng
082 _aXM25.6596.N5, 122J8 (906)
100 _aLy Abdonlaye
_9131373
245 0 _aEtat et la production paysanne ou l'Etat et la revolution au Senegal, 1957-1958
260 _c1958
650 _aECONOMICS
942 _hXM25.6596.N5, 122J8 (906)
_cTEXL
_2CC
999 _c260622
_d260622